| 000 | 00621nam 22001693 4500 | ||
|---|---|---|---|
| 001 | 201210 | ||
| 090 | _a201210 | ||
| 100 | _a20260312d u||y0pory50 ba | ||
| 200 |
_aD. Jerónimo Osório _etradutor da Ilíada _fJoaquim Mendes de Castro |
||
| 210 |
_aLisboa _cInstituto Nacional de Investigação Cientifica. Centro de estudos Clássicos da Universidade de Lisboa _d1991 |
||
| 215 |
_a311 p. _cbrochado _d23 cm |
||
| 606 |
_93661 _aCrítica Literária.Estudos Literários |
||
| 675 |
_a82.09 _vPT _zpor |
||
| 700 |
_914735 _aCastro _bJoaquim Mendes de _f1920-2016 |
||
| 801 |
_aPT _bBMMN _gRPC |
||
| 830 |
_cFernando _fFernando |
||
| 990 | _cLIVROS | ||